000
00311nam a22001457a 4500
008
230912b ||||| |||| 00| 0 eng d
020
_a
9780142000533
041
_a
eng
080
_a
521
082
_a
521EHR
100
_a
19
101
_a
ASTRO
245
_a
HUMAN NATURES
_c
EHRLICH .R.P
942
_2
udc
_c
BK
999
_c
60342
_d
60342